000 00512cam a2200169 4500500
005 20260405001816.0
041 _afre
042 _adc
100 1 0 _aGoron, Gaëtan
_eauthor
700 1 0 _aGoron, Gaëtan
_eauthor
245 0 0 _aMots croisés #4
260 _c2014.
500 _a25
690 _aMots croisés
786 0 _nPhilosophie magazine | 81 | 7 | 2014-07-01 | p. 76-76 | 1951-1787
856 4 1 _uhttps://shs.cairn.info/magazine-philosophie-magazine-2014-7-page-76?lang=fr&redirect-ssocas=7080
999 _c2051284
_d2051284